000 00377nam a2200157Ia 4500
008 230711s9999||||xx |||||||||||||| ||und||
041 _aENG
082 _a720
_bTU-L
100 _aTurner,J.T
245 0 _aLaser anemometry advances and application
250 _a1st
260 _c1990
_aNew Delhi
_bBHRA Oxford Publication
300 _a755
650 _aPhysics
942 _cBK
999 _c2057
_d2057